Anos 90 revista do Programa de Pós-Graduação em História, Universidade Federal do Rio Grande do Sul.

Bibliographic Details
Corporate Author: Universidade Federal do Rio Grande do Sul. Programa de Pós-Graduação em História
Format: Electronic Journal
Language:Portuguese
Spanish
Published: Porto Alegre : O Programa
Subjects:
Online Access:Full text available from Research Library: 01/01/2005 to present

MARC

LEADER 00000nas a2200000 a 4500
001 ssj0000579855
003 WaSeSS
005 20200512172242.0
006 m d
007 cr n
008 960910c199u9999bl fr p s 0 0por c
010 |a sn 96036803  
015 |a 018719155  |2 dnb 
016 7 |a 995029121  |2 DE-101 
016 7 |a 1376277-1  |2 DE-600 
016 7 |a 2502455-3  |2 DE-600 
022 |l 0104-236X  |y 0104-236X 
035 |a (WaSeSS)ssj0000579855 
040 |a IXA  |b eng  |c IXA  |d NLGGC  |d OCLCQ  |d GBVCP  |d DEBBG  |d GWDNB  |d IUL  |d OCLCQ  |d OCLCF  |d OCLCO  |d OCLCQ  |d CUS  |d L2U  |d WaSeSS 
041 0 |a por  |a spa 
042 |a pcc 
043 |a s-bl---  |a cl----- 
050 1 4 |a F2501  |b .A56 
245 0 0 |a Anos 90  |h [electronic resource] :  |b revista do Programa de Pós-Graduação em História, Universidade Federal do Rio Grande do Sul. 
246 3 |a Anos noventa 
260 |a Porto Alegre :  |b O Programa 
310 |a Semiannual 
506 |a License restrictions may limit access. 
546 |a In Portuguese with some articles in Spanish. 
588 |a Description based on: N. 4 (dez. de 1995). 
650 7 |a 15.85 history of America.  |0 (NL-LeOCL)07761190X  |2 bcl 
651 0 |a Brazil  |x History  |v Periodicals. 
651 0 |a Rio Grande do Sul (Brazil : State)  |x History  |v Periodicals. 
651 0 |a Latin America  |x History  |v Periodicals. 
651 7 |a Brazil.  |2 fast  |0 (OCoLC)fst01206830 
651 7 |a Brazil  |z Rio Grande do Sul (State)  |2 fast  |0 (OCoLC)fst01727504 
651 7 |a Latin America.  |2 fast  |0 (OCoLC)fst01245945 
651 7 |a Brazil.  |0 (NL-LeOCL)078459370  |2 gtt 
655 0 |a Electronic journals. 
710 2 |a Universidade Federal do Rio Grande do Sul.  |b Programa de Pós-Graduação em História. 
850 |a TxU 
856 4 0 |z Full text available from Research Library: 01/01/2005 to present  |u https://search.proquest.com/publication/2040945